[Event "Ambelokipi op 83rd"]
[Site "Athens"]
[Date "2007.12.08"]
[Round "3"]
[White "Delithanasis, Dimitrios"]
[Black "Kakadelis, Efstratios"]
[Result "0-1"]
[WhiteElo "2204"]
[BlackElo "2096"]
[PlyCount "120"]
[EventDate "2007.12.01"]
[EventType "swiss"]
[EventRounds "7"]
[EventCountry "GRE"]
[SourceTitle "EXT 2024"]
[Source "ChessBase"]
[SourceDate "2023.10.10"]
[SourceVersion "1"]
[SourceVersionDate "2023.10.10"]
[SourceQuality "1"]

1. d4 e6 2. c4 c5 3. d5 exd5 4. cxd5 d6 5. Nc3 g6 6. Bf4 a6 7. Nf3 Bh6 8. Bg3 Nf6 9. Qa4+ Kf8 10. e3 Nh5 11. Be2 Nxg3 12. hxg3 Bg7 13. Qf4 Qf6 14. Ne4 Qxf4 15. gxf4 Ke7 16. Nfd2 f5 17. Nc3 Nd7 18. a4 b6 19. g4 fxg4 20. Bxg4 Bb7 21. Bf3 Rab8 22. Ke2 Ba8 23. Nde4 c4 24. Ng5 h6 25. Ne6 Bf6 26. Rag1 Rbg8 27. Rh2 Nc5 28. Nxc5 bxc5 29. Kd2 Rb8 30. Kc2 g5 31. fxg5 hxg5 32. Rxh8 Rxh8 33. Rh1 Rxh1 34. Bxh1 g4 35. Be4 Bh4 36. Nd1 Kf6 37. f4 gxf3 38. Bxf3 Ke5 39. Nc3 Be1 40. e4 Bb7 41. a5 Bc8 42. Kd1 Bh4 43. Nb1 Bd7 44. Na3 Ba4+ 45. Kd2 Bb3 46. Bd1 Ba2 47. Ke3 Bg5+ 48. Kf3 Bc1 49. Be2 c3 50. Bc4 Bxc4 51. Nxc4+ Kd4 52. Na3 cxb2 53. Ke2 Kxe4 54. Kd1 Kxd5 55. Kc2 Kd4 56. Nb5+ Kc4 57. Nxd6+ Kb4 58. Nb7 Bf4 59. Kxb2 Bc7 60. Kc2 Kb5 0-1

[Event "Ambelokipi op 81st"]
[Site "Athens"]
[Date "2007.10.24"]
[Round "6"]
[White "Gjomemo, Enton"]
[Black "Kakadelis, Efstratios"]
[Result "0-1"]
[WhiteElo "1997"]
[BlackElo "2096"]
[PlyCount "52"]
[EventDate "2007.10.06"]
[EventType "swiss"]
[EventRounds "6"]
[EventCountry "GRE"]
[SourceTitle "EXT 2024"]
[Source "ChessBase"]
[SourceDate "2023.10.10"]
[SourceVersion "1"]
[SourceVersionDate "2023.10.10"]
[SourceQuality "1"]

1. e4 e6 2. d4 c5 3. d5 exd5 4. exd5 d6 5. Nf3 g6 6. Bb5+ Bd7 7. Bxd7+ Nxd7 8. 0-0 Bg7 9. Re1+ Kf8 10. a4 Ne7 11. Nc3 h6 12. a5 a6 13. Ne4 Nf6 14. c4 Nxe4 15. Rxe4 Kg8 16. Bd2 Kh7 17. Qb3 Rb8 18. Bc3 Nf5 19. Rae1 b6 20. axb6 Rxb6 21. Qc2 Rb7 22. Bxg7 Nxg7 23. h3 Qb6 24. R1e2 Rhb8 25. Qc3 Qd8 26. g4 Rb3 0-1

[Event "Athens Attikis op"]
[Site "Athens"]
[Date "2006.06.04"]
[Round "5"]
[White "Gogolis, Alexandros"]
[Black "Kakadelis, Efstratios"]
[Result "1-0"]
[WhiteElo "2280"]
[BlackElo "2159"]
[PlyCount "108"]
[EventDate "2006.06.01"]
[EventType "swiss"]
[EventRounds "9"]
[EventCountry "GRE"]
[SourceTitle "EXT 2024"]
[Source "ChessBase"]
[SourceDate "2023.10.10"]
[SourceVersion "1"]
[SourceVersionDate "2023.10.10"]
[SourceQuality "1"]

1. d4 e6 2. Bf4 c5 3. e3 Nc6 4. c3 Nf6 5. Nd2 b6 6. Ngf3 Bb7 7. Bd3 Be7 8. h3 cxd4 9. exd4 d6 10. 0-0 e5 11. Be3 0-0 12. Qc2 Rc8 13. a3 h6 14. Rad1 Qc7 15. Rfe1 Nd5 16. Bf5 Rcd8 17. Nf1 Bf6 18. Be4 Nde7 19. N1h2 d5 20. Bh7+ Kh8 21. dxe5 Nxe5 22. Nxe5 Bxe5 23. Nf3 Bf6 24. Bd3 Nc6 25. Bb5 Na5 26. Bd4 Qf4 27. Qd2 Qxd2 28. Rxd2 Bxd4 29. Nxd4 a6 30. Bd3 Nc4 31. Bxc4 dxc4 32. Re7 Bc8 33. Rde2 Bd7 34. f4 g6 35. Kf2 Kg7 36. h4 Kf6 37. R2e5 Rfe8 38. Rxe8 Bxe8 39. g4 Ba4 40. Kg3 Rd7 41. g5+ hxg5 42. hxg5+ Kg7 43. f5 gxf5 44. Kf4 f6 45. gxf6+ Kxf6 46. Re6+ Kf7 47. Rxb6 a5 48. Nxf5 Rd2 49. Nd6+ Ke7 50. Nxc4 Rd5 51. Ne3 Rc5 52. Ke4 Rb5 53. Rxb5 Bxb5 54. Kd4 Kd6 1-0